00444pab a2200145 454500008004000000100002300040245008900063260000900152300001500161362001000176650002900186650002800215650002100243773003400264180718b1998 xxu||||| |||| 00| 0 eng d aShyam Sundar, K.R. aEconomic reforms and industrial relations system in India: some issue for discussion c1998 ap.1379-384 a6 Jun aLabour relations - India aEconomic reform - India aLabour relations aEconomic and Political Weekly